000 01792nam2a22002771 4500
001 rc\4834992
005 20250612192630.0
035 _a(NLR Aleph) 008806830
090 _a8136888
_c8136888
100 _a20130426d1958 |||y0rusy50 ca
101 1 _arus
_ceng
102 _aRU
105 _ay z |||||
200 1 _a[Как вам это понравится
_aЗимняя сказка
210 _d1958
_aБ. м.
215 _a575 с.
423 0 _11011#$arus$cspa
_12001#$aУчитель танцев]
_1700#1$aЛопе де Вега$bФ.К.$f15621635$gФеликс Карпио
_tУчитель танцев]
_aЛопе де Вега, Феликс Карпио (15621635)
423 0 _11011#$arus$cfre
_12001#$aРюи Блаз
_1700#1$aГюго$bВ.$f1802-1885$gВиктор
_tРюи Блаз
_aГюго, Виктор (1802-1885)
423 0 _11011#$arus$cspa
_12001#$aДама-невидимка
_1700#1$aКальдерон де ла Барка$bП.$f1600-1681$gПедро
_tДама-невидимка
_aКальдерон де ла Барка, Педро (1600-1681)
461 0 _1001rc\4834990
_12001#$aИзбранные переводы$f[Сост., выступ. статья и примеч. С.С. Мокульского. В 2 т.]. Т.1-2$vТ. 2
_1700#1$aЩепкина-Куперник$bТ.Л.$f1874-1952$gТатьяна Львовна
_98136880
_aЩепкина-Куперник, Т.Л. (1874-1952)
_c[Москва
_d1957-1958]
_f[Сост., выступ. статья и примеч. С.С. Мокульского. В 2 т.]. Т.1-2
_nГослитиздат
_p2 т.
_tИзбранные переводы
_vТ. 2
700 1 _aШекспир
_bВ.
_f1564-1616
_gВильям
801 0 _aRU
_bNLR
_gpsbo
801 1 _aRU
_bELAR
_2rusmarc
852 _aNLR
_j58-5/186
942 _cBOOK
980 _aNB